000 00526nam a22001817a 4500
999 _c59820
_d59820
005 20230425110448.0
008 230425s2019 enk||||| |||| 00| 0 eng d
020 _a9781138088610x
041 _aeng
080 _a159.9+575 B-97
100 _aBuss,D. M.
_917768
245 _aEvolutionary Psychology :
_bThe New Science of the Mind
_cDavid M. Buss.
250 _aSixth edition
264 _aNew York :
_bRoutledge,
_c2019.
300 _a503 p.:
_bill.;
_c28 cm.
653 _aფსიქოლოგია
942 _2udc
_cBK